Statystyki dla Wszystkie Państwa UE

Kliknij tutaj aby rozwiązać quiz!

Ogólne statystyki

  • Ten quiz został rozwiązany 43 razy
  • Średni wynik to 24 z 27

Statystyki odpowiedzi

Odpowiedź% Poprawnych
Polska
100%
Łotwa
98%
Słowacja
98%
Szwecja
98%
Belgia
95%
Czechy
95%
Litwa
95%
Portugalia
95%
Bułgaria
93%
Estonia
93%
Hiszpania
93%
Niemcy
93%
Rumunia
93%
Słowenia
93%
Włochy
93%
Finlandia
90%
Holandia
90%
Chorwacja
88%
Francja
88%
Austria
85%
Luksemburg
85%
Węgry
85%
Dania
83%
Grecja
83%
Irlandia
80%
Malta
73%
Cypr
65%

Rozkład punktacji

Percentyl według liczby udzielonych odpowiedzi

Procent ludzi z każdym wynikiem

Twoja historia wyników

Nie rozwiązałeś tego quizu